000 00301nam a22001337a 4500
003 OSt
005 20250620102543.0
007 64 PAGES
008 250620b |||||||| |||| 00| 0 eng d
040 _c
245 _aIS/IEC 60479-1:2018
_cB.I.S
260 _bINDIAN STANDARDS
_c2021
942 _2ddc
_cRB
_n0
999 _c36231
_d36231